Posthumous writings

Gespeichert in:
Bibliographische Detailangaben
1. Verfasser: Frege, Gottlob (VerfasserIn)
Format: Buch
Sprache:Englisch
Veröffentlicht: Basil Blackwell 1979
Schlagworte:
Tags: Tag hinzufügen
Keine Tags, Fügen Sie den ersten Tag hinzu!

MARC

LEADER 00000nam a2200000 a 4500
001 UCZ5733
003 CL-VaPUC
008 951124e19790000UK |||||||||||||||||eng|d
082 0 4 |a 501  |b FRE  |2 21 
100 0 |a Frege, Gottlob  |e author  |9 348152 
245 1 0 |a Posthumous writings 
300 |a 288 p 
942 |c BK 
945 |d 19951124 00:00:00  |a cmena 
260 |b Basil Blackwell  |c 1979 
650 0 |a Filosofía de las ciencias  |9 256466 
650 0 |a Cálculo  |9 260234 
650 0 |a Matemática  |9 260235 
650 0 |a Lógica matemática   |9 262442 
650 0 |a Teoría del conocimiento   |9 255038 
583 |a last modification  |c 20130411 10:25:17  |k Rodrigo Vera 
999 |c 242023  |d 242021 
952 |0 0  |1 0  |4 0  |6 501_000000000000000_FRE_1979  |7 0  |8 P  |9 254691  |a BIBEDU  |b BIBEDU  |c BIBEDU_PB  |d 2019-11-19  |i 1576593  |o 501 FRE 1979  |p 1576593  |r 2024-01-25  |w 2019-11-19  |y BK  |k FIL